| 000 | 01867nam a2200493Ii 4500 | ||
|---|---|---|---|
| 001 | DIGPOPL0325 | ||
| 003 | NyNyDIG | ||
| 006 | m o d | ||
| 007 | cr ||||||||||| | ||
| 008 | 241001s2006 sp ob 000 0 spa d | ||
| 035 | _a(OCoLC)1458531760 | ||
| 040 |
_aDGITA _beng _erda _epn _cDGITA |
||
| 020 | _z9788478843220 | ||
| 041 | 1 |
_aspa _hfre |
|
| 050 | 1 | 4 | _aLB14.7 ebook |
| 082 | 0 | 4 |
_a370.1 _223 |
| 100 | 1 |
_aPourtois, Jean-Pierre, _eauthor. |
|
| 240 | 1 | 0 |
_aÉducation postmoderne. _lSpanish _s(Paredes) |
| 245 | 1 | 3 |
_aLa educación postmoderna / _cJean-Pierre Pourtois, Huguette Desmet ; traducción, Alexander Paredes. |
| 264 | 1 |
_aMadrid : _bEditorial Popular, _c[2006] |
|
| 300 | _a1 online resource. | ||
| 336 |
_atext _btxt _2rdacontent |
||
| 337 |
_acomputer _bc _2rdamedia |
||
| 338 |
_aonline resource _bcr _2rdacarrier |
||
| 347 |
_atext file _2rdaft |
||
| 347 | _bPDF | ||
| 490 | 1 | _aColección Proa | |
| 504 | _aIncludes bibliographical references. | ||
| 588 | 0 | _aOnline resource; title from PDF title page (Digitalia, viewed October 1, 2024) | |
| 650 | 0 |
_aEducation _xPhilosophy. |
|
| 650 | 0 | _aEducational sociology. | |
| 650 | 0 |
_aEducation _xAims and objectives. |
|
| 650 | 0 | _aPostmodernism and education. | |
| 700 | 1 |
_aDesmet, Huguette, _eauthor. |
|
| 700 | 1 |
_aParedes, Alexander, _etranslator. |
|
| 700 | 1 |
_iTranslation of: _aPourtois, Jean-Pierre. _tÉducation postmoderne. |
|
| 791 | 2 |
_aDigitalia (Firm), _edistributor. |
|
| 793 | 0 |
_gDigitalia eBook Collection: _aEditorial Popular |
|
| 776 | 0 | 8 |
_iPrint version: _aPourtois, Jean-Pierre. _sÉducation postmoderne. Spanish (Paredes). _tEducación postmoderna. _dMadrid : Editorial Popular, [2006] _z9788478843220 |
| 830 | 0 | _aProa. | |
| 856 | 4 | 0 |
_3Digitalia Hispánica _uhttps://www.digitaliapublishing.com/a/156031/ |
| 910 | _aPremium collection: 2024 | ||
| 942 | _cRAA | ||
| 999 |
_c286158 _d286158 |
||